ტრავმატოლოგია ორთოპედია : (ბიბ.ჩანაწერი № 52696)
[ მარტივი ფორმატი ]
| 000 -ლიდერი | |
|---|---|
| ფიქსირებული სიგრძის საკონტროლო ველი | 01138nam a2200229Ia 4500 |
| 001 - საკონტროლო ნომერი | |
| საკონტროლო ველი | 19721 |
| 003 - საკონტროლო ნომრის იდენტიფიკატორი | |
| საკონტროლო ველი | GE_BSU |
| 005 - ბოლო ოპერაციის თარიღი და დრო | |
| საკონტროლო ველი | 20191107133916.0 |
| 008 - ფიქსირებული სიგრძის მონაცემთა ელემენტები - ზოგადი ინფორმაცია | |
| ფიქსირებული სიგრძის საკონტროლო ველი | 181216s2016||||ge |||||||||||||| ||geo|| |
| 020 ## - წიგნის საერთაშორისო სტანდარტული ნომერი | |
| International Standard Book Number | 9789941094262 |
| 041 ## - ენის კოდი | |
| Language code of text/sound track or separate title | geo |
| 080 ## - უნივერსალური ათობითი კლასიფიკაციის ინდექსი | |
| Universal Decimal Classification number | 617.3(075.8) ჟ-99 |
| 100 ## - მთავარი ჩანაწერი - პიროვნების სახელი | |
| Personal name | ჟღენტი, გ.რ. |
| 9 (RLIN) | 5011 |
| 245 ## - ცნობა სათაურის შესახებ | |
| Title | ტრავმატოლოგია ორთოპედია : |
| Remainder of title | სახელმძღვანელო / |
| Statement of responsibility, etc | გ. რ. ჟღენტი. |
| 264 ## - წარმოების, გამოცემის, დისტრიბუციის და სხვა ცნობები | |
| გამოცემის, წარმოების, დისტრიბუციის... ადგილი | ბათუმი : |
| გამოცემის, წარმოების, დისტრიბუციის... სახელწოდება | თეგი, |
| გამოცემის, წარმოების, დისტრიბუციის... თარიღი | 2016. |
| 300 ## - ფიზიკური აღწერა | |
| Extent | 567 გვ .: |
| Other physical details | ილ ; |
| Dimensions | 22 სმ. |
| 504 ## - BIBLIOGRAPHY, ETC. NOTE | |
| Bibliography, etc | ბიბლიოგტრაფ. გვ: 558-559 |
| 653 ## - INDEX TERM--UNCONTROLLED | |
| Uncontrolled term | მედიცინა |
| 653 ## - INDEX TERM--UNCONTROLLED | |
| Uncontrolled term | ტრავმატოლოგია |
| 653 ## - INDEX TERM--UNCONTROLLED | |
| Uncontrolled term | წიგნის ცალკეული თავები ეძღვნება ძვალ-სახსროვანი სისტემის დაავადებებს,სიმსივნეებს,თერმულ ტრამვებსა და კრიტიკულ მდგომარეობებს. |
| 942 ## - ADDED ENTRY ELEMENTS (KOHA) | |
| Koha item type | წიგნი |
| Source of classification or shelving scheme | |
| ჩამოწერის სტატუსი | დაკარგული ეგზემპლარის სტატუსი | კლასიფიკაციის წყარო ან თაროზე გაწყობის სქემა | დაზიანების სტატუსი | არ გაიცემა | მუდმივი მდებარეობა (დაცვის ადგილი) | ამჟამინდელი ადგილსამყოფელი | თაროზე განთავსების ადგილი | შეძენის თარიღი | ღირებულება, შესყიდვის ნორმალური ფასი | სრული შენახვის შიფრი | შტრიხკოდი | ბოლო ოპერაციის თარიღი | ეგზემპლარის მიმდევრობითი ნომერი (კეტერი?) | ფასის ძალაში შესვლის თარიღი | ეგზემპლარის სახეობა | საჯარო შენიშვნა |
|---|---|---|---|---|---|---|---|---|---|---|---|---|---|---|---|---|
| ბათუმის შოთა რუსთაველის სახელმწიფო უნივერსიტეტის მთავარი ბიბლიოთეკა | ბათუმის შოთა რუსთაველის სახელმწიფო უნივერსიტეტის მთავარი ბიბლიოთეკა | წიგნსაცავი | 2018-12-17 | 20.00 | 617.3(075.8) ჟ-99 | 52053 | 2018-12-17 | 52053 | 2018-12-17 | წიგნი | 20.00 | |||||
| ბათუმის შოთა რუსთაველის სახელმწიფო უნივერსიტეტის მთავარი ბიბლიოთეკა | ბათუმის შოთა რუსთაველის სახელმწიფო უნივერსიტეტის მთავარი ბიბლიოთეკა | წიგნსაცავი | 2018-12-17 | 20.00 | 617.3(075.8) ჟ-99 | 52054 | 2018-12-17 | 52054 | 2018-12-17 | წიგნი | 20.00 | |||||
| ბათუმის შოთა რუსთაველის სახელმწიფო უნივერსიტეტის მთავარი ბიბლიოთეკა | ბათუმის შოთა რუსთაველის სახელმწიფო უნივერსიტეტის მთავარი ბიბლიოთეკა | წიგნსაცავი | 2018-12-17 | 20.00 | 617.3(075.8) ჟ-99 | 52055 | 2018-12-17 | 52055 | 2018-12-17 | წიგნი | 20.00 | |||||
| ბათუმის შოთა რუსთაველის სახელმწიფო უნივერსიტეტის მთავარი ბიბლიოთეკა | ბათუმის შოთა რუსთაველის სახელმწიფო უნივერსიტეტის მთავარი ბიბლიოთეკა | წიგნსაცავი | 2018-12-17 | 20.00 | 617.3(075.8) ჟ-99 | 52056 | 2018-12-17 | 52056 | 2018-12-17 | წიგნი | 20.00 | |||||
| ბათუმის შოთა რუსთაველის სახელმწიფო უნივერსიტეტის მთავარი ბიბლიოთეკა | ბათუმის შოთა რუსთაველის სახელმწიფო უნივერსიტეტის მთავარი ბიბლიოთეკა | წიგნსაცავი | 2019-10-24 | 20.00 | 617.3(075.8) ჟ-99 | 60159 | 2019-10-24 | 60159 | 2019-10-24 | წიგნი | 20.00 | |||||
| დაზიანებული | ბათუმის შოთა რუსთაველის სახელმწიფო უნივერსიტეტის მთავარი ბიბლიოთეკა | ბათუმის შოთა რუსთაველის სახელმწიფო უნივერსიტეტის მთავარი ბიბლიოთეკა | წიგნსაცავი | 2019-10-24 | 20.00 | 617.3(075.8) ჟ-99 | 60161 | 2019-10-24 | 60161 | 2019-10-24 | წიგნი | 20.00 | ||||
| ბათუმის შოთა რუსთაველის სახელმწიფო უნივერსიტეტის მთავარი ბიბლიოთეკა | ბათუმის შოთა რუსთაველის სახელმწიფო უნივერსიტეტის მთავარი ბიბლიოთეკა | წიგნსაცავი | 2019-10-24 | 20.00 | 617.3(075.8) ჟ-99 | 60160 | 2019-10-24 | 60160 | 2019-10-24 | წიგნი | 20.00 |
